| 000 | 00789cam a2200265 a 4500 | ||
|---|---|---|---|
| 001 | 000003817 | ||
| 003 | DO-SdBNP | ||
| 005 | 20220921094122.0 | ||
| 007 | ta | ||
| 008 | 860512s1995 sp 000 f spa | ||
| 020 | _a8440657056 | ||
| 040 |
_aDO-SdBNP _cBNPHU _bspa |
||
| 082 | 4 |
_a813.54 _bC754p _222 |
|
| 100 | 1 |
_aConroy, Pat., _d1945- _911568 |
|
| 245 | 1 | 3 |
_aEl príncipe de las mareas / _cPat Conroy ; traductor Jorge Luis Mustieles. |
| 260 |
_aBarcelona : _bEdiciones B, _c1995. |
||
| 300 |
_a887 p. ; _c19 cm. |
||
| 534 | _aTítulo original: The prince of tides. | ||
| 590 | _aInventariado, 2022 / DG | ||
| 650 | 4 |
_aNovela estadounidense _9262 |
|
| 650 | 4 |
_aLiteratura estadounidense _9263 |
|
| 700 | 1 |
_aMustieles, Jorge Luis, _etr. _911569 |
|
| 910 | _aDG | ||
| 942 |
_2ddc _cLBS1 |
||
| 999 |
_c3639 _d3639 |
||